Womens status and social change (Record no. 92888)
[ view plain ]
| 000 -LEADER | |
|---|---|
| fixed length control field | 00455nam a2200193Ia 4500 |
| 008 - FIXED-LENGTH DATA ELEMENTS--GENERAL INFORMATION | |
| fixed length control field | 230125s9999 xx 000 0 und d |
| 020 ## - INTERNATIONAL STANDARD BOOK NUMBER | |
| International Standard Book Number | 81-7132-192-5 |
| 041 ## - LANGUAGE CODE | |
| Language code of text/sound track or separate title | eng |
| 082 ## - DEWEY DECIMAL CLASSIFICATION NUMBER | |
| Classification number | 305.4 |
| Item number | DEV |
| 100 ## - MAIN ENTRY--PERSONAL NAME | |
| Personal name | Devi S |
| 245 ## - TITLE STATEMENT | |
| Title | Womens status and social change |
| 260 ## - PUBLICATION, DISTRIBUTION, ETC. (IMPRINT) | |
| Date of publication, distribution, etc. | 1999 |
| Name of publisher, distributor, etc. | Pointer publisher |
| Place of publication, distribution, etc. | Jaipur |
| 300 ## - PHYSICAL DESCRIPTION | |
| Extent | 287p |
| 500 ## - GENERAL NOTE | |
| Keywords | Wemens status |
| 500 ## - GENERAL NOTE | |
| Keywords | Women |
| 650 ## - SUBJECT ADDED ENTRY--TOPICAL TERM | |
| Topical term or geographic name as entry element | Women Study |
| 700 ## - ADDED ENTRY--PERSONAL NAME | |
| Personal name | Devi S |
| Withdrawn status | Lost status | Damaged status | Not for loan | Home library | Current library | Date acquired | Vendor | Cost, normal purchase price | Full call number | Barcode | Date last seen | Cost, replacement price | Bill Date | Koha item type | Original Barcode |
|---|---|---|---|---|---|---|---|---|---|---|---|---|---|---|---|
| Smt. Hiraben Nanavati Institute of Management & Research for Women | Smt. Hiraben Nanavati Institute of Management & Research for Women | 21/12/2000 | Satya Gilani | 550.00 | 305.4 DEV DB0388 | HIMR-DB-388 | 25/01/2023 | 550.00 | 27/12/2000 | Donated Book | DB0388 |